000 00958nmc a2200349 a 4500
003 AR-BaBNM
005 20251128205726.0
008 068019s1996 ||||||||||||||000 | spa||
020 _a84-7738-381-2
040 _cAR-BaBNM
100 1 _aMartínez Peinado, Javier
245 1 0 _aDesarrollo económico y superpoblación
260 _aMadrid
_bSíntesis
_c1996
300 0 _a208 p.
_btablas
490 0 _aEconomía y actualidad
_vv. 4
504 _aBibliografía para consultar p. 205-208
600 1 4 _aSmith, Adam
600 1 4 _aMarx, Karl
600 1 4 _aMalthus, Thomas Robert
_d1766-1834
650 4 _aDEMOGRAFIA
650 4 _aCENSOS DE POBLACION
650 4 _aPOBLACION
650 4 _aCIENCIAS SOCIALES
650 4 _aANALISIS DEMOGRAFICO
650 4 _aINVESTIGACION DEMOGRAFICA
650 4 _aFECUNDIDAD
650 4 _aMORTALIDAD
650 4 _aNATALIDAD
800 1 _aBerzosa, Carlos
_ecoordinador
942 _cBK
998 _cMariana
999 _c12570
_d12570